000 00267nam a22001097a 4500
082 _a658.787 SAL
100 _aSALEEMI N.A
245 _aStorekeeping and stock control simplified
260 _aNairobi
_bSaleemi publishers
_c1997
300 _a276p.
_b20 cm
942 _cBK
999 _c18789
_d18789